| 000 | 00548nam a22001697a 4500 | ||
|---|---|---|---|
| 008 | 150527b xxu||||| |||| 00| 0 eng d | ||
| 020 | _a9780071743495 | ||
| 041 | 0 | _aeng | |
| 080 | _a332 MAR | ||
| 100 | _aMartin, David X. | ||
| 245 |
_aRisk and the smart investor : _cDavid X. Martin. |
||
| 260 |
_aNew York : _bMcGraw-Hill Professional, _cc2011. |
||
| 300 |
_a262 f _c24 cm. |
||
| 500 | _apreface:f V-XXI | ||
| 650 | _aInvestment analysis. | ||
| 942 |
_2udc _cBK |
||
| 999 |
_c911 _d911 |
||